All Overwatch Weapons - Statistics

General Stats
  • This quiz has been taken 8 times
    4 since last reset
  • The average score is 21 of 59
Answer Stats
Hero Weapon % Correct
Cassidy Peacekeeper
100%
Ana Biotic Rifle
75%
D.Va (In Mech) Fusion Cannons
75%
Ashe The Viper
75%
Moira Biotic Grasp
50%
Hazard Bonespur
50%
Mercy (Secondary) Caduceus Blaster
50%
Mercy (Primary) Caduceus Staff
50%
Mei Endothermic Blaster
50%
Doomfist Hand Cannon
50%
Kiriko (Primary) Healing Ofuda
50%
Mauga (Primary) Incendiary Chaingun
50%
Kiriko (Secondary) Kunai
50%
Juno Mediblaster
50%
Ramattra (Alternative Form) Pummel
50%
Brigitte Rocket Flail
50%
Pharah Rocket Launcher
50%
Junker Queen Scattergun
50%
Genji Shuriken
50%
Illari Solar Rifle
50%
Lúcio Sonic Amplifier
50%
Hanzo Storm Bow
50%
Echo Tri-Shot
50%
Ramattra (Main Form) Void Accelerator
50%
Mauga (Secondary) Volatile Chaingun
50%
Orisa Augmented Fusion Driver
25%
Baptiste Biotic Launcher
25%
Jetpack Cat Biotic Pawjectiles
25%
Bastion (Alternative Form) Configuration: Assault
25%
Bastion (Main Form) Configuration: Recon
25%
Torbjörn (Secondary) Forge Hammer
25%
Junkrat Frag Launcher
25%
Lifeweaver (Primary) Healing Blossom
25%
Sierra Helix Rifle
25%
Reaper Hellfire Shotguns
25%
Sigma Hyperspheres
25%
D.Va (Out of Mech) Light Gun
25%
Zenyatta Orb of Destruction
25%
Domina Photon Magnum
25%
Tracer Pulse Pistols
25%
Wrecking Ball Quad Cannons
25%
Sojourn Railgun
25%
Freja Revdraw Crossbow
25%
Torbjörn (Primary) Rivet Gun
25%
Reinhardt Rocket Hammer
25%
Roadhog Scrap Gun
25%
Mizuki Spirit Glaive
25%
Emre Synthetic Burst Rifle
25%
Winston Tesla Cannon
25%
Lifeweaver (Secondary) Thorn Volley
25%
Widowmaker Widow's Kiss
25%
Anran Zhuque Fans
25%
Soldier: 76 Heavy Pulse Rifle
0%
Sombra Machine Pistol
0%
Vendetta Palatine Fang
0%
Zarya Particle Cannon
0%
Symmetra Photon Projector
0%
Venture Smart Excavator
0%
Wuyang Xuanwu Staff
0%
No matching quizzes found
Score Distribution
Percent of People with Each Score
Percentile by Number Answered
Your Score History
You have not taken this quiz since the last reset